| 000 | 00393pab a2200157 454500 | ||
|---|---|---|---|
| 008 | 180718b2016 xxu||||| |||| 00| 0 eng d | ||
| 100 | _aArumugam, K. | ||
| 245 | _aClimate change and development targets in India | ||
| 260 | _c2016 | ||
| 300 | _ap.51-54. | ||
| 362 | _aDec | ||
| 650 | _aClimatic change - India | ||
| 650 | _aClimatic change | ||
| 773 | _aThird concept | ||
| 909 | _a113390 | ||
| 999 |
_c113385 _d113385 |
||